|
|
|
|
| LEADER |
00000nab a2200000 a 4500 |
| 001 |
vtls000750175 |
| 003 |
SK-MaSNL |
| 005 |
20260303182454.0 |
| 008 |
140228c2001 xo 0 slo |
| 015 |
|
|
|a SNBRB2001/03-07887
|
| 035 |
|
|
|a CLN000101977
|
| 040 |
|
|
|a SNKBUCL
|b slo
|c SNKBUCL
|e AACR2
|
| 041 |
0 |
|
|a slo
|
| 044 |
|
|
|a xo
|c SK
|
| 080 |
|
|
|a 329.11(437.6)DS
|2 1997
|
| 100 |
1 |
|
|a Gottweisová, Alena
|4 aut
|9 838478
|
| 245 |
1 |
0 |
|a Demokratická strana s úplne novým vedením
|b Kaníkov tím obsadil všetky funkcie a vyzval ostatných na spoluprácu
|c Alena Gottweisová
|
| 300 |
|
|
|b Fotogr.
|
| 610 |
2 |
7 |
|a Demokratická strana.
|b Kongres
|d (2001)
|2 snkbucl
|9 29030
|
| 655 |
|
7 |
|a články z novín a časopisov
|2 snkbucl
|9 267496
|
| 773 |
0 |
|
|t Hospodárske noviny
|g Roč. 9, č. 35 (19.2.2001), s. 2
|x 1335-4701
|
| 850 |
|
|
|a Slovenská národná knižnica v Martine
|
| 852 |
|
|
|a SNK
|b KIS3GCP
|
| 958 |
|
|
|a SK
|
| 992 |
|
|
|a RBX
|
| 999 |
|
|
|c 2117118
|d 2119048
|